Deutsche Kfz-Kennzeichen F-L - Statistiken

Allgemein
  • Dieses Quiz wurde 111 mal gespielt
  • Das Durchschnittsergebnis liegt bei 12 aus 15
Antwortstatistiken
Hint Antwort % Korrekt
H Hannover
96%
K Köln
94%
HAM Hamm
90%
FL Flensburg
89%
KI Kiel
88%
GE Gelsenkirchen
86%
KA Karlsruhe
84%
L Leipzig
84%
KO Koblenz
83%
KS Kassel
76%
FD Fulda
74%
KR Krefeld
74%
HD Heidelberg
73%
KL Kaiserslautern
66%
GT Gütersloh
54%
Keine übereinstimmenden Quizze gefunden
Verteilung der Resultate
Anzahl Personen mit jedem Resultat
Perzentil nach korrekt beantworteten Fragen
Ihre Resultats-Entwicklung
Sie haben dieses Quiz noch nicht gespielt